000
00352nam a2200145Ia 4500
008
231129s2008||||xx |||||||||||||| ||spa||
020
_a
978-958-45-1573-5
040
_b
spa
082
_a
Co863.6 G677e
100
_a
Gossaín Juan
245
0
_a
Etcétera
260
_c
2008
264
_a
Norma
942
_2
ddc
_c
BKS
999
_c
13683
_d
13683